NLSUI OPAC header image

History of dharmasastra (Ancient and medieval religious and civil law). Vol.V Part.I (Record no. 538)

MARC details
000 -LEADER
fixed length control field 00475nam a2200157Ia 4500
008 - FIXED-LENGTH DATA ELEMENTS--GENERAL INFORMATION
fixed length control field 160316s1974 xxu||||| |||| 00| 0 eng d
082 ## - DEWEY DECIMAL CLASSIFICATION NUMBER
Classification number 294.592600
Item number KAN-V
100 ## - MAIN ENTRY--PERSONAL NAME
Personal name Kane Panduranga Vaman
245 ## - TITLE STATEMENT
Title History of dharmasastra (Ancient and medieval religious and civil law). Vol.V Part.I
250 ## - EDITION STATEMENT
Edition statement 2nd
260 ## - PUBLICATION, DISTRIBUTION, ETC.
Place of publication, distribution, etc. Poona
Name of publisher, distributor, etc. Bhandarkar Oriental Research Inst
Date of publication, distribution, etc. 1974
300 ## - PHYSICAL DESCRIPTION
Extent 718p
Other physical details
Dimensions
365 ## - TRADE PRICE
Price amount Rs.1800 Set
650 ## - SUBJECT ADDED ENTRY--TOPICAL TERM
Topical term or geographic name entry element 1.Dharmasastra - History
700 ## - ADDED ENTRY--PERSONAL NAME
Personal name
--
Holdings
Withdrawn status Lost status Damaged status Not for loan Home library Current library Shelving location Date acquired Cost, normal purchase price Total Checkouts Full call number Barcode Date last seen Date last checked out Price effective from Koha item type Public note
        . .   30.05.2017 1800.00 1 294.5926 KAN-V 555 26.08.2017 18.08.2017 30.05.2017 BOOKs Price for the entire Set